000 00690nam a2200277Ia 4500
005 20260324115428.0
008 008 260324s9999 xx 000 0 eng d
020 _a9780429443923
037 _aEBOOK
040 _aCRL
040 _beng
040 _cCRL
041 _2eng
041 _aeng
084 _qCRL
100 _aS. M. Sapuan; M.R. Ishak; J. Sahari; M.L. Sanyang
_91154631
245 0 _aSugar Palm Biofibers, Biopolymers, and Biocomposites
260 _bTaylor and Francis
260 _c2018
365 _a
365 _b385
856 _uhttp://www.taylorfrancis.com/books/9780429443923
942 _cEBOOK
999 _c1745509
_d1745509